000 00555nam a2200217Ia 4500
003 OSt
005 20220928141722.0
006 a|||||r|||| 00| 0
007 ta
008 220927b |||||||| |||| 00| 0 eng d
024 _a17094
037 _cTextual
040 _aSDCL
_cSDCL
_beng
041 _2eng
_aeng
082 _aO15wM3, N4
100 _aSharma Pradhumann kumar
_9501782
245 0 _aVedvigyanvid gurushishyatrayi.
260 _c1994
942 _hO15wM3, N4
_cTEXL
_2CC
999 _c819417
_d819417